[Event "World Chess Olympiad 2018"]
[Site "Batumi"]
[Date "2018.10.05"]
[Round "11"]
[Board "1"]
[WhiteFideId "3100197"]
[White "Almedina Ortiz Edgardo J."]
[BlackFideId "4000102"]
[Black "Berend Fred"]
[Result "0-1"]
[LiveChessVersion "1.4.8"]
[BlackElo "2358"]
[WhiteElo "2216"]

1. d4 {[%clk 1:30:55]} Nf6 {[%clk 1:30:46]} 2. c4 {[%clk 1:31:12]} g6
{[%clk 1:29:20]} 3. Nf3 {[%clk 1:28:05]} Bg7 {[%clk 1:29:45]} 4. g3
{[%clk 1:28:30]} c6 {[%clk 1:29:29]} 5. Bg2 {[%clk 1:27:05]} d5 {[%clk 1:29:54]}
6. Qb3 {[%clk 1:26:05]} O-O {[%clk 1:28:39]} 7. O-O {[%clk 1:26:23]} Qb6
{[%clk 1:25:01]} 8. Nc3 {[%clk 1:24:16]} dxc4 {[%clk 1:21:48]} 9. Qxc4
{[%clk 1:24:38]} Na6 {[%clk 1:22:03]} 10. e4 {[%clk 1:11:20]} Rd8
{[%clk 1:08:32]} 11. Ng5 {[%clk 1:03:40]} e6 {[%clk 1:08:37]} 12. Rd1
{[%clk 1:03:21]} Nb4 {[%clk 0:50:24]} 13. a3 {[%clk 0:48:27]} Na6
{[%clk 0:46:48]} 14. Bf4 {[%clk 0:37:23]} Rd7 {[%clk 0:42:12]} 15. b4
{[%clk 0:32:19]} h6 {[%clk 0:36:14]} 16. Nf3 {[%clk 0:32:00]} Qd8
{[%clk 0:34:03]} 17. Rac1 {[%clk 0:24:16]} Nc7 {[%clk 0:30:09]} 18. a4
{[%clk 0:17:27]} a5 {[%clk 0:21:07]} 19. b5 {[%clk 0:14:05]} cxb5
{[%clk 0:21:30]} 20. axb5 {[%clk 0:14:31]} g5 {[%clk 0:20:01]} 21. Be5
{[%clk 0:13:27]} Nce8 {[%clk 0:19:39]} 22. h4 {[%clk 0:11:29]} g4
{[%clk 0:14:35]} 23. Nh2 {[%clk 0:11:41]} h5 {[%clk 0:14:39]} 24. d5
{[%clk 0:07:39]} exd5 {[%clk 0:14:22]} 25. exd5 {[%clk 0:08:06]} Nd6
{[%clk 0:11:57]} 26. Qf4 {[%clk 0:08:32]} Nfe8 {[%clk 0:11:32]} 27. Nf1
{[%clk 0:07:36]} Re7 {[%clk 0:07:26]} 28. Bxg7 {[%clk 0:07:23]} Nxg7
{[%clk 0:07:36]} 29. Nd2 {[%clk 0:06:51]} Bf5 {[%clk 0:07:28]} 30. Nde4
{[%clk 0:06:47]} Bxe4 {[%clk 0:06:31]} 31. Nxe4 {[%clk 0:07:10]} Nxe4
{[%clk 0:05:18]} 32. Bxe4 {[%clk 0:07:39]} Qe8 {[%clk 0:04:57]} 33. Bg2
{[%clk 0:06:44]} Rd8 {[%clk 0:03:37]} 34. b6 {[%clk 0:05:29]} Red7
{[%clk 0:03:45]} 35. Rc7 {[%clk 0:04:14]} Qf8 {[%clk 0:03:47]} 36. Qa4
{[%clk 0:03:54]} Qb4 {[%clk 0:03:31]} 37. Qxb4 {[%clk 0:03:56]} axb4
{[%clk 0:04:00]} 38. Rb1 {[%clk 0:04:12]} Ne8 {[%clk 0:03:35]} 39. Rxd7
{[%clk 0:02:26]} Rxd7 {[%clk 0:04:03]} 40. Rxb4 {[%clk 0:32:49]} Rd6
{[%clk 0:33:12]} 41. f3 {[%clk 0:22:57]} Nf6 {[%clk 0:29:27]} 42. fxg4
{[%clk 0:23:20]} hxg4 {[%clk 0:27:50]} 43. Kf2 {[%clk 0:22:10]} Kf8
{[%clk 0:28:04]} 44. Ke3 Ke7 {[%clk 0:15:43]} 45. Kf4 {[%clk 0:18:31]} Nd7
{[%clk 0:07:47]} 46. Kxg4 {[%clk 0:16:24]} Nxb6 {[%clk 0:07:55]} 47. Kf5
{[%clk 0:11:34]} Rf6+ {[%clk 0:07:29]} 48. Ke4 {[%clk 0:11:18]} Kf8
{[%clk 0:06:24]} 49. g4 {[%clk 0:08:53]} Nd7 {[%clk 0:05:43]} 50. g5
{[%clk 0:09:13]} Rf2 {[%clk 0:05:25]} 51. Bh3 {[%clk 0:08:55]} Rh2
{[%clk 0:05:46]} 52. Kf5 {[%clk 0:07:08]} Rxh3 {[%clk 0:05:30]} 53. Rxb7
{[%clk 0:07:36]} Ke7 {[%clk 0:04:00]} 54. Rb4 {[%clk 0:04:32]} Rf3+
{[%clk 0:04:01]} 55. Rf4 {[%clk 0:03:27]} Rd3 {[%clk 0:04:25]} 56. Re4+
{[%clk 0:02:45]} Kd6 {[%clk 0:04:33]} 57. h5 {[%clk 0:03:02]} Rxd5+
{[%clk 0:04:54]} 58. Kf4 {[%clk 0:03:19]} Nc5 {[%clk 0:05:15]} 59. h6
{[%clk 0:02:42]} Ne6+ {[%clk 0:05:33]} 60. Ke3 {[%clk 0:00:54]} Nxg5
{[%clk 0:05:20]} 61. Rg4 {[%clk 0:00:40]} Re5+ {[%clk 0:05:17]} 62. Kd3
{[%clk 0:00:43]} Ke7 {[%clk 0:04:38]} 63. Ra4 {[%clk 0:00:43]} Nh7
{[%clk 0:04:01]} 0-1

[Event "World Chess Olympiad 2018"]
[Site "Batumi"]
[Date "2018.10.05"]
[Round "11"]
[Board "2"]
[WhiteFideId "4001206"]
[White "Linster Philippe"]
[BlackFideId "3100022"]
[Black "Sosa Trani Luis A."]
[Result "1-0"]
[LiveChessVersion "1.4.8"]
[BlackElo "2054"]
[WhiteElo "2273"]

1. d4 {[%clk 1:30:57]} Nf6 {[%clk 1:30:55]} 2. c4 {[%clk 1:31:22]} e6
{[%clk 1:31:19]} 3. g3 {[%clk 1:31:47]} Bb4+ {[%clk 1:30:18]} 4. Bd2
{[%clk 1:32:10]} Bxd2+ {[%clk 1:30:10]} 5. Qxd2 {[%clk 1:32:33]} d5
{[%clk 1:28:20]} 6. Nf3 {[%clk 1:32:02]} c6 {[%clk 1:27:34]} 7. Bg2
{[%clk 1:30:01]} O-O {[%clk 1:26:35]} 8. O-O {[%clk 1:29:59]} b6 {[%clk 1:26:35]}
9. Qc2 {[%clk 1:25:08]} Ba6 {[%clk 1:21:52]} 10. Nbd2 {[%clk 1:23:25]} Nbd7
{[%clk 1:19:19]} 11. Rac1 {[%clk 1:10:10]} Qb8 {[%clk 1:15:02]} 12. e4
{[%clk 0:57:51]} dxe4 {[%clk 0:49:27]} 13. Nxe4 {[%clk 0:58:04]} Nxe4
{[%clk 0:48:55]} 14. Qxe4 {[%clk 0:58:32]} Bb7 {[%clk 0:41:56]} 15. c5
{[%clk 0:56:38]} bxc5 {[%clk 0:38:53]} 16. dxc5 {[%clk 0:55:20]} Nf6
{[%clk 0:39:07]} 17. Qc2 {[%clk 0:49:01]} h6 {[%clk 0:36:14]} 18. Rfd1
{[%clk 0:46:40]} Nd5 {[%clk 0:33:02]} 19. a3 {[%clk 0:45:14]} a5 {[%clk 0:33:01]}
20. Rd2 {[%clk 0:36:19]} Qc7 {[%clk 0:29:14]} 21. Qe4 {[%clk 0:32:41]} Ba6
{[%clk 0:26:33]} 22. Qe5 {[%clk 0:30:03]} Qxe5 {[%clk 0:19:30]} 23. Nxe5
{[%clk 0:30:32]} Rfc8 {[%clk 0:19:56]} 24. Rd4 {[%clk 0:25:48]} Rc7
{[%clk 0:17:36]} 25. Rc2 {[%clk 0:17:58]} Raa7 {[%clk 0:10:43]} 26. Be4
{[%clk 0:15:48]} Kf8 {[%clk 0:06:25]} 27. Kg2 {[%clk 0:11:44]} Bb5
{[%clk 0:03:30]} 28. h4 {[%clk 0:09:57]} h5 {[%clk 0:00:43]} 29. Bf3
{[%clk 0:08:57]} g6 {[%clk 0:01:03]} 30. Be4 {[%clk 0:09:13]} Kg7
{[%clk 0:01:21]} 31. Kf3 {[%clk 0:06:46]} Bf1 {[%clk 0:00:32]} 32. Bd3
{[%clk 0:03:43]} Bxd3 {[%clk 0:00:59]} 33. Rxd3 {[%clk 0:04:07]} f6
{[%clk 0:01:05]} 34. Nc4 {[%clk 0:04:28]} e5 {[%clk 0:01:22]} 35. Nb6
{[%clk 0:03:38]} Re7 {[%clk 0:00:53]} 36. Ke2 {[%clk 0:03:04]} e4
{[%clk 0:00:34]} 37. Rd4 {[%clk 0:03:22]} 1-0

[Event "World Chess Olympiad 2018"]
[Site "Batumi"]
[Date "2018.10.05"]
[Round "11"]
[Board "3"]
[WhiteFideId "3100715"]
[White "Diaz Montes Edwin"]
[BlackFideId "4000803"]
[Black "Jeitz Christian"]
[Result "0-1"]
[LiveChessVersion "1.4.8"]
[BlackElo "2220"]
[WhiteElo "2034"]

1. Nf3 {[%clk 1:30:51]} Nf6 {[%clk 1:30:55]} 2. c4 {[%clk 1:31:16]} g6
{[%clk 1:31:20]} 3. b3 {[%clk 1:31:31]} Bg7 {[%clk 1:31:39]} 4. Bb2
{[%clk 1:31:56]} O-O {[%clk 1:32:01]} 5. g3 {[%clk 1:32:18]} d5 {[%clk 1:31:48]}
6. cxd5 {[%clk 1:31:20]} Nxd5 {[%clk 1:32:12]} 7. Bxg7 {[%clk 1:31:31]} Kxg7
{[%clk 1:32:40]} 8. Bg2 {[%clk 1:31:29]} a5 {[%clk 1:24:40]} 9. O-O
{[%clk 1:26:51]} a4 {[%clk 1:15:06]} 10. bxa4 {[%clk 1:19:22]} Na6
{[%clk 1:06:06]} 11. d4 {[%clk 1:12:27]} c6 {[%clk 1:01:05]} 12. e4
{[%clk 1:03:18]} Nf6 {[%clk 1:00:46]} 13. Nbd2 {[%clk 1:02:22]} Nc7
{[%clk 0:45:02]} 14. Re1 {[%clk 0:56:05]} Ra7 {[%clk 0:37:57]} 15. Qc2
{[%clk 0:42:40]} Ne6 {[%clk 0:36:12]} 16. e5 {[%clk 0:38:52]} Nd5
{[%clk 0:35:21]} 17. Nc4 {[%clk 0:37:37]} Nb6 {[%clk 0:33:22]} 18. Re4
{[%clk 0:22:18]} Nxa4 {[%clk 0:25:36]} 19. Rh4 {[%clk 0:21:21]} h6
{[%clk 0:24:22]} 20. Ne3 {[%clk 0:21:20]} Nb6 {[%clk 0:21:16]} 21. a4
{[%clk 0:19:14]} Nd5 {[%clk 0:18:55]} 22. Ng4 {[%clk 0:18:43]} Rh8
{[%clk 0:17:48]} 23. Qd2 {[%clk 0:19:02]} h5 {[%clk 0:17:28]} 24. Ne3
{[%clk 0:19:19]} Qa5 {[%clk 0:14:47]} 25. Nxd5 {[%clk 0:11:30]} cxd5
{[%clk 0:15:11]} 26. Qe3 {[%clk 0:11:48]} Qb4 {[%clk 0:10:39]} 27. Bh3
{[%clk 0:09:40]} Rxa4 {[%clk 0:09:05]} 28. Rxa4 {[%clk 0:09:21]} Qxa4
{[%clk 0:09:32]} 29. g4 {[%clk 0:09:44]} Qd1+ {[%clk 0:07:34]} 30. Kg2
{[%clk 0:08:12]} hxg4 {[%clk 0:07:14]} 31. Rxg4 {[%clk 0:08:05]} Rxh3
{[%clk 0:05:18]} 32. Kxh3 {[%clk 0:07:35]} Ng5+ {[%clk 0:05:11]} 33. Kg3
{[%clk 0:04:26]} Qxf3+ {[%clk 0:04:23]} 34. Qxf3 {[%clk 0:04:18]} Nxf3
{[%clk 0:04:52]} 35. Kxf3 {[%clk 0:04:39]} Bxg4+ {[%clk 0:05:18]} 36. Kxg4
{[%clk 0:05:06]} Kh6 {[%clk 0:05:26]} 37. Kh4 {[%clk 0:04:03]} b5
{[%clk 0:05:30]} 0-1

[Event "World Chess Olympiad 2018"]
[Site "Batumi"]
[Date "2018.10.05"]
[Round "11"]
[Board "4"]
[WhiteFideId "4000714"]
[White "Gengler Pierre"]
[BlackFideId "3100030"]
[Black "Freyre Forest Jorge"]
[Result "1-0"]
[LiveChessVersion "1.4.8"]
[BlackElo "2016"]
[WhiteElo "2205"]

1. g3 {[%clk 1:30:58]} g6 {[%clk 1:29:33]} 2. Bg2 {[%clk 1:31:21]} Bg7
{[%clk 1:29:54]} 3. e4 {[%clk 1:31:35]} c6 {[%clk 1:25:50]} 4. d4
{[%clk 1:31:55]} d6 {[%clk 1:24:43]} 5. Ne2 {[%clk 1:32:19]} e5 {[%clk 1:22:06]}
6. h3 {[%clk 1:32:23]} Ne7 {[%clk 1:19:20]} 7. O-O {[%clk 1:32:45]} O-O
{[%clk 1:15:08]} 8. Nbc3 {[%clk 1:32:59]} Na6 {[%clk 1:10:29]} 9. a4
{[%clk 1:33:04]} Nc7 {[%clk 1:06:44]} 10. Be3 {[%clk 1:28:59]} f5
{[%clk 0:58:42]} 11. dxe5 {[%clk 1:08:45]} dxe5 {[%clk 0:57:27]} 12. Bc5
{[%clk 1:09:12]} Qxd1 {[%clk 0:40:08]} 13. Raxd1 {[%clk 1:08:46]} Re8
{[%clk 0:37:29]} 14. Bd6 {[%clk 1:09:06]} Ne6 {[%clk 0:36:44]} 15. f4
{[%clk 1:09:22]} exf4 {[%clk 0:35:43]} 16. Nxf4 {[%clk 1:08:37]} Nxf4
{[%clk 0:34:24]} 17. Rxf4 {[%clk 1:07:52]} Be6 {[%clk 0:32:06]} 18. e5
{[%clk 0:59:46]} Rad8 {[%clk 0:26:13]} 19. Rb4 {[%clk 0:53:15]} Rd7
{[%clk 0:22:14]} 20. a5 {[%clk 0:52:00]} a6 {[%clk 0:19:23]} 21. Rbd4
{[%clk 0:42:16]} Nc8 {[%clk 0:15:48]} 22. Bb8 {[%clk 0:34:12]} Red8
{[%clk 0:15:24]} 23. Rxd7 {[%clk 0:33:12]} Rxd7 {[%clk 0:15:44]} 24. Rxd7
{[%clk 0:31:07]} Bxd7 {[%clk 0:16:00]} 25. Na4 {[%clk 0:31:35]} Bf8
{[%clk 0:13:52]} 26. Bc7 {[%clk 0:28:59]} Be6 {[%clk 0:13:25]} 27. Kf2
{[%clk 0:28:51]} Kf7 {[%clk 0:10:20]} 28. Ke3 {[%clk 0:28:56]} Ke8
{[%clk 0:10:13]} 29. Kd4 {[%clk 0:28:14]} Kd7 {[%clk 0:08:44]} 30. Bb8
{[%clk 0:27:34]} Be7 {[%clk 0:07:45]} 31. c4 {[%clk 0:25:11]} Bb4
{[%clk 0:07:49]} 32. Nc5+ {[%clk 0:25:11]} Bxc5+ {[%clk 0:08:15]} 33. Kxc5
{[%clk 0:25:37]} g5 {[%clk 0:05:07]} 34. b4 {[%clk 0:23:55]} h5 {[%clk 0:04:58]}
35. b5 {[%clk 0:24:07]} axb5 {[%clk 0:05:20]} 36. cxb5 {[%clk 0:24:22]} Bd5
{[%clk 0:04:17]} 37. Bxd5 {[%clk 0:21:36]} cxd5 {[%clk 0:04:45]} 38. Kxd5
{[%clk 0:21:50]} Ne7+ {[%clk 0:05:14]} 39. Kd4 {[%clk 0:21:51]} Ke6
{[%clk 0:02:59]} 40. Bd6 {[%clk 0:51:37]} Nc8 {[%clk 0:32:06]} 41. Bc5
{[%clk 0:48:17]} f4 {[%clk 0:25:51]} 42. gxf4 {[%clk 0:47:19]} gxf4
{[%clk 0:25:52]} 43. Ke4 {[%clk 0:47:31]} 1-0

[Event "World Chess Olympiad 2018"]
[Site "Batumi"]
[Date "2018.10.05"]
[Round "11"]
[Board "1"]
[WhiteFideId "13002783"]
[White "Wynn Zaw Htun"]
[BlackFideId "405817"]
[Black "Greet Andrew N"]
[Result "1/2-1/2"]
[LiveChessVersion "1.4.8"]
[BlackElo "2441"]
[WhiteElo "2473"]

1. Nf3 {[%clk 1:30:57]} d5 {[%clk 1:30:47]} 2. g3 {[%clk 1:31:22]} Nd7
{[%clk 1:28:10]} 3. d4 {[%clk 1:31:05]} e6 {[%clk 1:28:07]} 4. Bg2
{[%clk 1:30:59]} b5 {[%clk 1:27:16]} 5. O-O {[%clk 1:27:09]} Bb7 {[%clk 1:24:38]}
6. e4 {[%clk 1:23:28]} dxe4 {[%clk 1:23:58]} 7. Ng5 {[%clk 1:20:50]} Ngf6
{[%clk 1:24:22]} 8. Nc3 {[%clk 1:20:55]} Rb8 {[%clk 1:18:56]} 9. Qe2
{[%clk 1:11:43]} h6 {[%clk 1:12:45]} 10. Ngxe4 {[%clk 1:11:21]} b4
{[%clk 1:12:24]} 11. Nxf6+ {[%clk 1:03:08]} Nxf6 {[%clk 1:12:46]} 12. Ne4
{[%clk 0:54:50]} Nxe4 {[%clk 1:09:50]} 13. Bxe4 {[%clk 0:52:01]} Bxe4
{[%clk 1:08:04]} 14. Qxe4 {[%clk 0:52:27]} Qd5 {[%clk 1:08:28]} 15. Qxd5
{[%clk 0:39:35]} exd5 {[%clk 1:08:52]} 16. Bf4 {[%clk 0:36:49]} Kd7
{[%clk 1:07:47]} 17. Rfe1 {[%clk 0:37:06]} Bd6 {[%clk 1:06:49]} 18. Bxd6
{[%clk 0:35:55]} Kxd6 {[%clk 1:07:06]} 19. a3 {[%clk 0:34:57]} b3
{[%clk 0:58:15]} 20. c3 {[%clk 0:35:06]} Rhe8 {[%clk 0:57:50]} 21. f3
{[%clk 0:33:22]} c5 {[%clk 0:51:06]} 22. dxc5+ {[%clk 0:33:14]} Kxc5
{[%clk 0:48:08]} 23. Kf2 {[%clk 0:33:35]} Re6 {[%clk 0:31:01]} 24. Rad1
{[%clk 0:22:10]} a5 {[%clk 0:28:50]} 25. Rd4 {[%clk 0:15:11]} Rxe1
{[%clk 0:28:45]} 26. Kxe1 {[%clk 0:15:27]} g5 {[%clk 0:24:56]} 27. Kf2
{[%clk 0:14:27]} f5 {[%clk 0:22:46]} 28. Ra4 {[%clk 0:12:01]} Re8
{[%clk 0:17:08]} 29. h3 {[%clk 0:09:36]} h5 {[%clk 0:11:26]} 30. h4
{[%clk 0:06:23]} g4 {[%clk 0:10:18]} 31. f4 {[%clk 0:06:47]} Re4 {[%clk 0:06:11]}
32. Rxe4 {[%clk 0:06:21]} dxe4 {[%clk 0:06:27]} 33. a4 {[%clk 0:04:37]} Kd5
{[%clk 0:06:18]} 1/2-1/2

[Event "World Chess Olympiad 2018"]
[Site "Batumi"]
[Date "2018.10.05"]
[Round "11"]
[Board "2"]
[WhiteFideId "2401878"]
[White "Tate Alan"]
[BlackFideId "13000110"]
[Black "Nay Oo Kyaw Tun"]
[Result "1/2-1/2"]
[LiveChessVersion "1.4.8"]
[BlackElo "2389"]
[WhiteElo "2345"]

1. c4 {[%clk 1:29:23]} c6 {[%clk 1:30:50]} 2. Nf3 {[%clk 1:29:31]} d5
{[%clk 1:30:58]} 3. e3 {[%clk 1:29:27]} Nf6 {[%clk 1:31:11]} 4. Nc3
{[%clk 1:29:45]} e6 {[%clk 1:30:53]} 5. b3 {[%clk 1:28:41]} Nbd7 {[%clk 1:30:19]}
6. Qc2 {[%clk 1:26:40]} Bd6 {[%clk 1:29:06]} 7. Bb2 {[%clk 1:26:28]} O-O
{[%clk 1:28:49]} 8. Rg1 {[%clk 1:23:23]} Ng4 {[%clk 0:46:28]} 9. h3
{[%clk 0:48:21]} Nge5 {[%clk 0:45:20]} 10. d4 {[%clk 0:48:08]} Ng6
{[%clk 0:43:52]} 11. O-O-O {[%clk 0:39:25]} f5 {[%clk 0:34:18]} 12. g3
{[%clk 0:36:07]} Nf6 {[%clk 0:34:10]} 13. h4 {[%clk 0:33:29]} Bd7
{[%clk 0:29:43]} 14. Kb1 {[%clk 0:33:03]} a6 {[%clk 0:29:15]} 15. c5
{[%clk 0:29:01]} Bc7 {[%clk 0:29:21]} 16. Ne2 {[%clk 0:28:27]} Qe7
{[%clk 0:25:14]} 17. Nf4 {[%clk 0:21:21]} Be8 {[%clk 0:21:11]} 18. Nd3
{[%clk 0:21:22]} Nh8 {[%clk 0:18:02]} 19. Nfe5 {[%clk 0:19:14]} Nf7
{[%clk 0:17:35]} 20. f3 {[%clk 0:19:01]} Nd7 {[%clk 0:16:15]} 21. Ka1
{[%clk 0:12:22]} Qf6 {[%clk 0:14:11]} 22. Bc3 {[%clk 0:08:43]} Qd8
{[%clk 0:14:11]} 23. Be2 {[%clk 0:06:33]} Qb8 {[%clk 0:13:28]} 24. Qb2
{[%clk 0:06:16]} Qd8 {[%clk 0:12:48]} 25. Qd2 {[%clk 0:06:04]} Qb8
{[%clk 0:13:11]} 26. Qb2 {[%clk 0:05:54]} Qd8 {[%clk 0:13:35]} 27. Qd2
{[%clk 0:04:22]} Qb8 {[%clk 0:13:09]} 28. Nxd7 {[%clk 0:03:30]} Bxd7
{[%clk 0:13:33]} 29. g4 {[%clk 0:02:26]} Qd8 {[%clk 0:10:08]} 30. g5
{[%clk 0:01:37]} g6 {[%clk 0:07:23]} 31. f4 {[%clk 0:00:52]} Kg7 {[%clk 0:06:43]}
32. Rg2 {[%clk 0:01:05]} Rh8 {[%clk 0:06:39]} 33. h5 {[%clk 0:00:56]} Qe7
{[%clk 0:05:39]} 34. Rh1 {[%clk 0:01:23]} Be8 {[%clk 0:01:42]} 35. Bd1
{[%clk 0:00:51]} Bd7 {[%clk 0:01:33]} 36. Rg3 {[%clk 0:00:47]} Rag8
{[%clk 0:01:20]} 37. Qg2 {[%clk 0:00:39]} Qd8 {[%clk 0:01:07]} 38. Rgh3
{[%clk 0:00:52]} Kf8 {[%clk 0:01:11]} 39. Qf2 {[%clk 0:00:33]} Ke7
{[%clk 0:01:20]} 40. Kb1 {[%clk 0:30:35]} Qf8 {[%clk 0:31:19]} 41. Be1
{[%clk 0:24:41]} Qg7 {[%clk 0:30:37]} 42. Qd2 {[%clk 0:22:02]} Qf8
{[%clk 0:30:22]} 43. Bf3 {[%clk 0:20:32]} Qb8 {[%clk 0:28:13]} 44. Kc2
{[%clk 0:20:13]} Qd8 {[%clk 0:28:35]} 45. b4 {[%clk 0:19:23]} Qa8
{[%clk 0:27:59]} 46. Nc1 {[%clk 0:19:42]} Qf8 {[%clk 0:27:23]} 47. Nb3
{[%clk 0:20:08]} Be8 {[%clk 0:25:26]} 48. Qf2 {[%clk 0:19:53]} Nd8
{[%clk 0:25:01]} 49. Qh2 {[%clk 0:18:05]} Nf7 {[%clk 0:24:33]} 50. Qe2
{[%clk 0:17:59]} Nd8 {[%clk 0:24:41]} 51. Qf1 {[%clk 0:17:38]} gxh5
{[%clk 0:19:35]} 52. Bxh5 {[%clk 0:17:41]} Bg6 {[%clk 0:19:58]} 53. Rh4
{[%clk 0:16:00]} Nf7 {[%clk 0:20:05]} 54. R1h3 {[%clk 0:16:10]} Kd7
{[%clk 0:20:10]} 55. Qh1 {[%clk 0:16:05]} Bd8 {[%clk 0:19:47]} 56. Bxg6
{[%clk 0:11:07]} hxg6 {[%clk 0:20:13]} 57. Nc1 {[%clk 0:10:52]} Rxh4
{[%clk 0:18:29]} 58. Rxh4 {[%clk 0:11:21]} Rh8 {[%clk 0:17:59]} 59. Rh7
{[%clk 0:10:49]} Ke8 {[%clk 0:17:55]} 60. Nd3 {[%clk 0:10:46]} Qg8
{[%clk 0:17:56]} 61. Rxh8 {[%clk 0:11:00]} Qxh8 {[%clk 0:18:12]} 62. Qxh8+
{[%clk 0:11:23]} Nxh8 {[%clk 0:18:36]} 63. Ne5 {[%clk 0:11:40]} Bc7
{[%clk 0:18:35]} 64. Nf3 {[%clk 0:12:06]} Kf8 {[%clk 0:16:10]} 65. a4
{[%clk 0:12:34]} Nf7 {[%clk 0:14:46]} 66. Kb3 {[%clk 0:12:13]} b5
{[%clk 0:03:34]} 67. cxb6 {[%clk 0:03:38]} Bxb6 {[%clk 0:04:02]} 68. Bd2
{[%clk 0:03:59]} Kg7 {[%clk 0:03:20]} 69. Bc1 {[%clk 0:04:15]} Bc7
{[%clk 0:02:55]} 70. Ba3 {[%clk 0:04:10]} Bd6 {[%clk 0:02:50]} 71. Ne1
{[%clk 0:04:13]} Kf8 {[%clk 0:03:01]} 72. Nd3 {[%clk 0:04:30]} Ke8
{[%clk 0:02:50]} 73. Bb2 {[%clk 0:03:44]} Kd7 {[%clk 0:02:37]} 74. Ba3
{[%clk 0:03:14]} Kc7 {[%clk 0:02:21]} 75. Ne1 {[%clk 0:03:05]} Kd7
{[%clk 0:02:20]} 76. Nf3 {[%clk 0:03:24]} Kc7 {[%clk 0:02:26]} 77. Nh4
{[%clk 0:03:44]} Nh8 {[%clk 0:02:52]} 78. Nf3 {[%clk 0:01:13]} Nf7
{[%clk 0:03:19]} 79. Nh4 {[%clk 0:01:40]} Nh8 {[%clk 0:03:44]} 80. Bc1
{[%clk 0:01:19]} Kd7 {[%clk 0:03:58]} 81. Bd2 {[%clk 0:01:38]} Kc7
{[%clk 0:04:18]} 82. Bc3 {[%clk 0:00:45]} Kb6 {[%clk 0:04:29]} 83. Bd2
{[%clk 0:01:07]} Be7 {[%clk 0:04:46]} 84. Bc1 {[%clk 0:01:16]} Bd6
{[%clk 0:05:14]} 85. Ba3 {[%clk 0:01:34]} Kc7 {[%clk 0:04:21]} 86. Bc1
{[%clk 0:01:53]} Kb6 {[%clk 0:04:49]} 87. Bd2 {[%clk 0:02:11]} Be7
{[%clk 0:05:17]} 88. Bc3 {[%clk 0:02:10]} Bd6 {[%clk 0:05:43]} 89. Nf3
{[%clk 0:01:37]} Nf7 {[%clk 0:06:12]} 90. Ne1 {[%clk 0:01:54]} Be7
{[%clk 0:06:07]} 91. Nd3 {[%clk 0:02:15]} Bd6 {[%clk 0:06:14]} 92. Nc5
{[%clk 0:01:38]} Nd8 {[%clk 0:01:29]} 93. Nd3 {[%clk 0:01:09]} Nf7
{[%clk 0:01:57]} 94. Be1 {[%clk 0:01:20]} Nd8 {[%clk 0:01:30]} 95. Nc5
{[%clk 0:00:59]} Ka7 {[%clk 0:01:18]} 96. Nd7 {[%clk 0:00:43]} Kb7
{[%clk 0:01:30]} 97. Bc3 {[%clk 0:00:43]} Kc7 {[%clk 0:01:43]} 98. Nc5
{[%clk 0:00:36]} Kb6 {[%clk 0:02:10]} 99. Bb2 {[%clk 0:00:49]} Ka7
{[%clk 0:02:20]} 100. Bc1 {[%clk 0:01:10]} Bxc5 {[%clk 0:01:32]} 101. bxc5
{[%clk 0:00:45]} Kb7 {[%clk 0:01:31]} 102. Bd2 {[%clk 0:01:10]} Kc8
{[%clk 0:01:38]} 1/2-1/2

[Event "World Chess Olympiad 2018"]
[Site "Batumi"]
[Date "2018.10.05"]
[Round "11"]
[Board "3"]
[WhiteFideId "13000071"]
[White "Myo Naing"]
[BlackFideId "2402564"]
[Black "Sreeves Clement"]
[Result "1/2-1/2"]
[LiveChessVersion "1.4.8"]
[BlackElo "2382"]
[WhiteElo "2327"]

1. d4 {[%clk 1:30:46]} Nf6 {[%clk 1:30:48]} 2. c4 {[%clk 1:31:06]} g6
{[%clk 1:31:13]} 3. Nc3 {[%clk 1:31:25]} d5 {[%clk 1:31:37]} 4. Nf3
{[%clk 1:31:11]} Bg7 {[%clk 1:31:58]} 5. cxd5 {[%clk 1:30:51]} Nxd5
{[%clk 1:32:21]} 6. Qb3 {[%clk 1:31:01]} Nb6 {[%clk 1:29:50]} 7. Bf4
{[%clk 1:31:09]} O-O {[%clk 1:28:00]} 8. Rd1 {[%clk 1:30:39]} c6 {[%clk 1:22:11]}
9. e3 {[%clk 1:29:58]} Be6 {[%clk 1:21:59]} 10. Qc2 {[%clk 1:29:46]} Bc4
{[%clk 1:21:09]} 11. Be2 {[%clk 1:29:01]} N8d7 {[%clk 1:20:20]} 12. O-O
{[%clk 1:27:48]} Bxe2 {[%clk 1:13:09]} 13. Qxe2 {[%clk 1:28:03]} Nd5
{[%clk 1:11:33]} 14. Nxd5 {[%clk 1:25:30]} cxd5 {[%clk 1:11:55]} 15. Qb5
{[%clk 1:25:20]} Nb6 {[%clk 1:11:43]} 16. Rc1 {[%clk 1:25:38]} Rc8
{[%clk 1:10:55]} 17. Rc5 {[%clk 1:22:52]} Rxc5 {[%clk 1:08:23]} 18. dxc5
{[%clk 1:22:27]} Qd7 {[%clk 1:08:26]} 19. a4 {[%clk 1:14:19]} Qxb5
{[%clk 1:08:37]} 20. axb5 {[%clk 1:14:48]} Na4 {[%clk 0:35:11]} 21. Rd1
{[%clk 1:08:53]} Nxc5 {[%clk 0:32:49]} 22. Rxd5 {[%clk 1:09:11]} Rc8
{[%clk 0:32:52]} 23. b4 {[%clk 1:06:55]} Nd3 {[%clk 0:31:46]} 24. g3
{[%clk 1:06:24]} Nxf4 {[%clk 0:25:35]} 25. gxf4 {[%clk 1:06:43]} Bf6
{[%clk 0:16:44]} 26. Rd7 {[%clk 1:05:53]} Rc4 {[%clk 0:12:56]} 27. Rxb7
{[%clk 1:05:20]} Rxb4 {[%clk 0:13:20]} 28. Rxa7 {[%clk 1:05:33]} Rxb5
{[%clk 0:13:44]} 29. Kg2 {[%clk 1:05:55]} h6 {[%clk 0:05:32]} 30. h3
{[%clk 1:03:01]} Kg7 {[%clk 0:05:12]} 31. Rd7 {[%clk 1:02:26]} g5
{[%clk 0:05:00]} 32. fxg5 {[%clk 1:02:38]} hxg5 {[%clk 0:05:29]} 33. Ra7
{[%clk 1:00:53]} Kg6 {[%clk 0:05:45]} 34. Ra4 {[%clk 1:00:44]} e6
{[%clk 0:03:59]} 35. h4 {[%clk 1:01:03]} gxh4 {[%clk 0:04:00]} 36. Nxh4+
{[%clk 1:01:27]} 1/2-1/2

[Event "World Chess Olympiad 2018"]
[Site "Batumi"]
[Date "2018.10.05"]
[Round "11"]
[Board "4"]
[WhiteFideId "2403757"]
[White "Abdulla Murad"]
[BlackFideId "13001248"]
[Black "Khin Than"]
[Result "1-0"]
[LiveChessVersion "1.4.8"]
[BlackElo "2200"]
[WhiteElo "2292"]

1. e4 {[%clk 1:30:38]} e5 {[%clk 1:30:54]} 2. Nf3 {[%clk 1:31:00]} Nc6
{[%clk 1:31:22]} 3. Bb5 {[%clk 1:31:17]} a6 {[%clk 1:31:49]} 4. Bxc6
{[%clk 1:31:39]} dxc6 {[%clk 1:32:17]} 5. O-O {[%clk 1:31:55]} Qf6
{[%clk 1:32:11]} 6. d4 {[%clk 1:30:40]} exd4 {[%clk 1:32:07]} 7. Nxd4
{[%clk 1:30:52]} Bd7 {[%clk 1:31:20]} 8. c3 {[%clk 1:21:23]} O-O-O
{[%clk 1:25:54]} 9. Qc2 {[%clk 1:17:19]} Re8 {[%clk 1:21:21]} 10. Be3
{[%clk 1:13:07]} Qg6 {[%clk 1:16:47]} 11. f3 {[%clk 1:11:32]} Bd6
{[%clk 1:12:27]} 12. Nd2 {[%clk 0:53:15]} f5 {[%clk 1:11:28]} 13. Bf2
{[%clk 0:49:07]} Nh6 {[%clk 1:09:38]} 14. Rae1 {[%clk 0:46:22]} c5
{[%clk 1:00:53]} 15. Ne2 {[%clk 0:39:31]} Rhf8 {[%clk 0:57:10]} 16. b4
{[%clk 0:36:27]} cxb4 {[%clk 0:55:07]} 17. cxb4 {[%clk 0:35:30]} Kb8
{[%clk 0:34:45]} 18. Rc1 {[%clk 0:23:53]} Bb5 {[%clk 0:33:30]} 19. Rfe1
{[%clk 0:23:35]} Qf7 {[%clk 0:19:41]} 20. Nd4 {[%clk 0:15:45]} Bxb4
{[%clk 0:16:13]} 21. a4 {[%clk 0:13:54]} Bxa4 {[%clk 0:11:33]} 22. Qxa4
{[%clk 0:13:16]} Bxd2 {[%clk 0:11:25]} 23. Rb1 {[%clk 0:07:44]} Bxe1
{[%clk 0:05:29]} 24. Qxa6 {[%clk 0:06:23]} Bxf2+ {[%clk 0:05:27]} 25. Kxf2
{[%clk 0:05:59]} c5 {[%clk 0:02:51]} 26. Nc6+ {[%clk 0:05:13]} Kc8
{[%clk 0:02:51]} 27. Qa8+ {[%clk 0:04:23]} Kd7 {[%clk 0:01:54]} 28. Ne5+
{[%clk 0:01:12]} Ke6 {[%clk 0:01:50]} 29. Rb6+ {[%clk 0:01:28]} Kxe5
{[%clk 0:01:52]} 30. Qa1+ {[%clk 0:01:49]} Kf4 {[%clk 0:01:44]} 31. Qc1+
{[%clk 0:02:11]} Ke5 {[%clk 0:02:05]} 32. Qxc5+ {[%clk 0:02:31]} Kf4
{[%clk 0:02:30]} 33. Qe3+ {[%clk 0:02:57]} 1-0